| 000 | 00542nam a22001577a 4500 | ||
|---|---|---|---|
| 003 | macl | ||
| 005 | 20200107123840.0 | ||
| 008 | 200107b xxu||||| |||| 00| 0 eng d | ||
| 040 | _cmacl | ||
| 082 | _a800 | ||
| 100 |
_aकुवँरपाल सिंह _953088 |
||
| 245 | _aभक्ति आंदोलन इतिहास और संस्कृति | ||
| 260 |
_aदिल्ली _bराजकिशोर प्रकाशन _c2016 |
||
| 650 |
_aकाव्यालोचना _954621 |
||
| 942 |
_2ddc _cHIN |
||
| 999 |
_c61686 _d61686 |
||